000
00288nam a2200109Ia 4500
008
200302s9999 xx 000 0 und d
100
_a
Philipp Meuser and other
245
_a
Construction and design manual wayfinding and signage
260
_b
Dom Publishrs
260
_c
2013
300
_a
304
999
_c
6505
_d
6505